[Event "Online Olym Disabilities"]
[Site "Tornelo INT"]
[Date "2020.11.25"]
[Round "5.3"]
[White "Mendoza, Cheyzer Crystal J"]
[Black "Stolarczyk, Anna"]
[Result "1-0"]
[WhiteElo "1639"]
[BlackElo "1909"]
[PlyCount "105"]
[EventDate "2020.11.21"]
[EventType "team-swiss (rapid)"]
[EventRounds "7"]
[EventCountry "NET"]
[SourceTitle "CBM 199 Extra"]
[Source "ChessBase"]
[SourceDate "2021.01.31"]
[SourceVersion "1"]
[SourceVersionDate "2021.01.31"]
[SourceQuality "1"]
[WhiteTeam "Philippines"]
[BlackTeam "Poland"]
[WhiteTeamCountry "PHI"]
[BlackTeamCountry "POL"]

1. e4 c5 2. c3 e6 3. d4 d5 4. exd5 Qxd5 5. Nf3 Nc6 6. Be3 cxd4 7. cxd4 Bb4+ 8. Nbd2 Nf6 9. Be2 Ne4 10. 0-0 Nxd2 11. Bxd2 Bd6 12. Bc3 0-0 13. Qd2 b6 14. b3 b5 15. Rfd1 Bb7 16. Ne1 Rac8 17. Bf3 Qf5 18. Qe3 Bf4 19. Qe2 b4 20. Bxb4 Nxb4 21. Bxb7 Rc7 22. Be4 Qg5 23. a3 Nd5 24. Bxd5 exd5 25. g3 Bd6 26. b4 Re7 27. Qf3 Re4 28. Ng2 Rc8 29. Qb3 Be7 30. Ne3 Bf6 31. Qxd5 Qg6 32. Qb7 Rd8 33. Rac1 Rexd4 34. Qxa7 Rxd1+ 35. Rxd1 Re8 36. Qd7 Rf8 37. Qd3 Qh5 38. a4 g6 39. Qe4 Bg5 40. Rb1 Rd8 41. Qg4 Qh6 42. Qe2 Qg7 43. b5 Qc3 44. Qb2 Qa5 45. Qb3 Rd2 46. Nc4 Qa7 47. Nxd2 Bxd2 48. b6 Qb7 49. Qd3 Ba5 50. Qb5 Qe4 51. b7 Be1 52. b8Q+ Kg7 53. Q5e5+ 1-0

[Event "Online Olym Disabilities"]
[Site "Tornelo INT"]
[Date "2020.11.24"]
[Round "4.1"]
[White "Naveen, Kumar A1"]
[Black "Stolarczyk, Anna"]
[Result "1-0"]
[WhiteElo "2035"]
[BlackElo "1909"]
[PlyCount "53"]
[EventDate "2020.11.21"]
[EventType "team-swiss (rapid)"]
[EventRounds "7"]
[EventCountry "NET"]
[SourceTitle "CBM 199 Extra"]
[Source "ChessBase"]
[SourceDate "2021.01.31"]
[SourceVersion "1"]
[SourceVersionDate "2021.01.31"]
[SourceQuality "1"]
[WhiteTeam "India"]
[BlackTeam "Poland"]
[WhiteTeamCountry "IND"]
[BlackTeamCountry "POL"]

1. d4 d5 2. c4 e6 3. Nc3 c6 4. e3 f5 5. Nf3 Nf6 6. Be2 Be7 7. 0-0 0-0 8. b3 Ne4 9. Bb2 Nd7 10. cxd5 exd5 11. Qc2 Bd6 12. g3 Qe7 13. Rae1 Ndf6 14. Bd3 f4 15. exf4 Bh3 16. Bxe4 Nxe4 17. Nxe4 dxe4 18. Rxe4 Qd7 19. Rfe1 Rae8 20. Ng5 Bf5 21. Qc4+ Kh8 22. Rxe8 Rxe8 23. Rxe8+ Qxe8 24. Nf7+ Kg8 25. Nxd6+ Qe6 26. Nxf5 Qxc4 27. bxc4 1-0

[Event "POL-ch blind"]
[Site "Ustron"]
[Date "2019.03.14"]
[Round "5"]
[White "Stolarczyk, Anna"]
[Black "Tryjanska, Emilia"]
[Result "1-0"]
[WhiteElo "1918"]
[BlackElo "1164"]
[PlyCount "163"]
[EventDate "2019.03.11"]
[EventType "swiss"]
[EventRounds "9"]
[EventCountry "POL"]
[SourceTitle "EXT 2020"]
[Source "ChessBase"]
[SourceDate "2019.10.17"]
[SourceVersion "1"]
[SourceVersionDate "2019.10.17"]
[SourceQuality "1"]

1. d4 d5 2. c4 e6 3. Nc3 Nf6 4. Bg5 Be7 5. e3 h6 6. Bh4 0-0 7. Nf3 b6 8. cxd5 exd5 9. Be2 Bb7 10. 0-0 Ne4 11. Bxe7 Qxe7 12. Rc1 Nd7 13. Nxe4 dxe4 14. Nd2 Nf6 15. a3 Rfd8 16. Nc4 Ba6 17. Ne5 Bxe2 18. Qxe2 Qd6 19. Rc6 Qe7 20. Qc2 Nd5 21. Rc4 Rd6 22. Rc6 Rxc6 23. Qxc6 Rd8 24. Qc2 Ra8 25. Qxe4 Qe6 26. Qd3 c5 27. Nf3 cxd4 28. Nxd4 Qf6 29. Rc1 Rd8 30. h3 Ne7 31. Qe4 Rd7 32. b4 Qd6 33. g3 Rc7 34. Rxc7 Qxc7 35. Qc2 Qxc2 36. Nxc2 Kf8 37. Nd4 a6 38. e4 Ke8 39. f4 Kd7 40. Kf2 g6 41. Ke3 Kd6 42. g4 Kd7 43. h4 f6 44. a4 Kd6 45. g5 hxg5 46. hxg5 fxg5 47. fxg5 Ke5 48. b5 axb5 49. Nxb5 Nc8 50. Nc7 Nd6 51. Nd5 Nc4+ 52. Kf3 Nd2+ 53. Kg4 Nxe4 54. Nxb6 Nc5 55. a5 Na6 56. Nc8 Ke6 57. Kf4 Nc5 58. Na7 Kd5 59. Nc8 Ke6 60. Nb6 Kd6 61. Nc4+ Ke6 62. Ne5 Kd6 63. Nxg6 Ne6+ 64. Kf5 Nxg5 65. Kxg5 Kc6 66. Ne5+ Kb5 67. Nc4 Ka6 68. Kf5 Kb5 69. Ke5 Ka6 70. Kd6 Kb7 71. Kc5 Ka6 72. Kc6 Ka7 73. Kb5 Kb7 74. Nd6+ Ka7 75. Ne8 Kb7 76. a6+ Kb8 77. Kb6 Ka8 78. Nc7+ Kb8 79. a7+ Kc8 80. a8Q+ Kd7 81. Qe8+ Kd6 82. Qe6# 1-0

[Event "Olympiad Women-43"]
[Site "Batumi"]
[Date "2018.09.28"]
[Round "5.32"]
[White "Mentile, Lishen"]
[Black "Stolarczyk, Anna"]
[Result "0-1"]
[WhiteElo "1502"]
[BlackElo "1984"]
[PlyCount "120"]
[EventDate "2018.09.24"]
[EventType "team-swiss"]
[EventRounds "11"]
[EventCountry "GEO"]
[SourceTitle "EXT 2020"]
[Source "ChessBase"]
[SourceDate "2019.10.17"]
[SourceVersion "1"]
[SourceVersionDate "2019.10.17"]
[SourceQuality "1"]
[WhiteTeam "Namibia (W)"]
[BlackTeam "IBCA (W)"]
[WhiteTeamCountry "NAM"]

1. e4 c5 2. Nf3 d6 3. d4 cxd4 4. Nxd4 Nf6 5. Nc3 a6 6. g3 Bg4 7. f3 Bd7 8. Bg2 g6 9. Nde2 Nc6 10. Be3 b5 11. a3 Ne5 12. b3 Bg7 13. Rc1 Qa5 14. Ra1 Rc8 15. Bd2 Qb6 16. Qc1 0-0 17. Be3 Qc7 18. 0-0 a5 19. Ra2 Rfd8 20. Rd1 Rb8 21. Qd2 Rdc8 22. Nd5 Nxd5 23. Qxd5 a4 24. Qd2 Nc6 25. Nd4 Na5 26. Qb4 axb3 27. cxb3 Qc3 28. Re1 Bxd4 29. Bxd4 Qxb3 30. Qxb3 Nxb3 31. Be3 Ra8 32. f4 Ra4 33. Bf3 Be6 34. Bd1 Rxe4 35. Rb2 Rc3 36. Bxb3 Rxb3 37. Rxb3 Bxb3 38. Kf2 Ra4 39. Bc1 Kf8 40. Bb2 Rc4 41. Re3 Rc2+ 42. Re2 f6 43. Rxc2 Bxc2 44. Ke3 e5 45. Bc3 Ke7 46. Kd2 Bb3 47. Ke3 Ke6 48. g4 d5 49. fxe5 fxe5 50. Bb4 d4+ 51. Kd3 Kd5 52. Bf8 e4+ 53. Ke2 e3 54. Kf3 Bd1+ 55. Kf4 Kc4 56. h3 h5 57. g5 Kd3 58. Bb4 Ke2 59. Ke4 d3 60. Bc5 d2 0-1

[Event "IBCA Wch Blind and Visually imp (Women)"]
[Site "Solec Zdroj"]
[Date "2018.08.14"]
[Round "7.2"]
[White "Chernichenko, Olga"]
[Black "Stolarczyk, Anna"]
[Result "1/2-1/2"]
[WhiteElo "1912"]
[BlackElo "1987"]
[PlyCount "94"]
[EventDate "2018.08.14"]
[EventType "swiss"]
[EventRounds "9"]
[EventCountry "POL"]
[SourceTitle "EXT 2024"]
[Source "ChessBase"]
[SourceDate "2023.10.10"]
[SourceVersion "1"]
[SourceVersionDate "2023.10.10"]
[SourceQuality "1"]

1. e4 c5 2. Nf3 e6 3. d3 Nc6 4. g3 g6 5. d4 cxd4 6. Nxd4 a6 7. Nxc6 dxc6 8. Qxd8+ Kxd8 9. Be3 Bg7 10. Nc3 Kc7 11. 0-0-0 b6 12. Na4 b5 13. Nc5 e5 14. Nd3 Bg4 15. Re1 Bf3 16. Rg1 Bxe4 17. Nxe5 Bxe5 18. Bc5 f5 19. f3 Nf6 20. fxe4 Nxe4 21. Bg2 Rae8 22. Bxe4 fxe4 23. Rgf1 Kd7 24. Rf7+ Ke6 25. Ra7 Kf5 26. Rf7+ Ke6 27. Ra7 Kd5 28. Be3 a5 29. Rd1+ Ke6 30. Rxa5 Ra8 31. Rxa8 Rxa8 32. a3 h5 33. Bc5 g5 34. c3 Rg8 35. Re1 Kd5 36. Be3 h4 37. Rf1 Ke6 38. gxh4 gxh4 39. Rg1 Rxg1+ 40. Bxg1 h3 41. Kd2 Bc7 42. b3 Kf5 43. Ke2 Ke5 44. c4 Ke6 45. a4 b4 46. Kd2 Kf5 47. Ke2 Ke6 1/2-1/2

[Event "London Classic op 8th"]
[Site "London"]
[Date "2016.12.10"]
[Round "2"]
[White "Stolarczyk, Anna"]
[Black "Balaji, Aaravamudhan"]
[Result "1-0"]
[WhiteElo "1992"]
[BlackElo "1634"]
[PlyCount "81"]
[EventDate "2016.12.09"]
[EventType "swiss"]
[EventRounds "9"]
[EventCountry "ENG"]
[SourceTitle "CBM 176 Extra"]
[Source "ChessBase"]
[SourceDate "2017.03.02"]
[SourceVersion "1"]
[SourceVersionDate "2017.03.02"]
[SourceQuality "1"]

1. d4 Nf6 2. c4 g6 3. Nc3 Bg7 4. g3 0-0 5. Bg2 d6 6. Nf3 Nbd7 7. e4 e5 8. d5 Nc5 9. Qc2 a5 10. b3 Nfd7 11. Be3 f5 12. exf5 e4 13. Nd4 Nd3+ 14. Ke2 Bxd4 15. Bxd4 Nb4 16. Qd2 Ne5 17. Bxe5 dxe5 18. Nxe4 Bxf5 19. a3 Bxe4 20. Bxe4 Na6 21. f3 Nc5 22. Qe3 Qd6 23. h4 a4 24. b4 Nb3 25. Rag1 Qa6 26. Qd3 Nd4+ 27. Kd2 Nb3+ 28. Kd1 c5 29. b5 Qf6 30. h5 Qg5 31. Kc2 Rf6 32. hxg6 hxg6 33. f4 exf4 34. gxf4 Qxf4 35. Bxg6 Qe5 36. Bf5+ Kf8 37. Rh8+ Kf7 38. Be6+ Rxe6 39. Qh7+ Kf6 40. Rf1+ Kg5 41. Qh5# 1-0

[Event "POL-chT blind"]
[Site "Wagrowiec"]
[Date "2016.11.17"]
[Round "7.7"]
[White "Bojczewski, Rafal"]
[Black "Stolarczyk, Anna"]
[Result "1-0"]
[WhiteElo "1654"]
[BlackElo "1990"]
[PlyCount "77"]
[EventDate "2016.11.11"]
[EventType "team-tourn"]
[EventRounds "9"]
[EventCountry "POL"]
[SourceTitle "EXT 2019"]
[Source "ChessBase"]
[SourceDate "2018.10.10"]
[SourceVersion "1"]
[SourceVersionDate "2018.10.10"]
[SourceQuality "1"]

1. e4 c5 2. Nf3 d6 3. c3 Nf6 4. h3 Nc6 5. Bd3 b6 6. 0-0 Bb7 7. Bc2 g6 8. d3 Bg7 9. Be3 e5 10. Re1 0-0 11. Nbd2 d5 12. exd5 Nxd5 13. Bg5 Qd7 14. Nb3 h6 15. Be3 Nxe3 16. fxe3 Rad8 17. Qe2 Qe7 18. Rad1 Rd7 19. Qf2 Rfd8 20. Nfd2 Qf8 21. Nf3 a5 22. a4 Ba6 23. d4 cxd4 24. exd4 exd4 25. Nbxd4 Nxd4 26. Nxd4 Bxd4 27. Rxd4 Rxd4 28. cxd4 Qb4 29. Rd1 Kg7 30. Qf4 Re8 31. b3 Qc3 32. Be4 Qxb3 33. Rc1 Qxa4 34. Bc6 Bb5 35. Bxe8 Bxe8 36. Qe5+ Kh7 37. Rc8 f6 38. Qe7+ Kg8 39. Rxe8+ 1-0

[Event "Olympiad Women-41"]
[Site "Tromsoe"]
[Date "2014.08.11"]
[Round "9.2"]
[White "Thorsteinsdottir, Hallgerdur"]
[Black "Stolarczyk, Anna"]
[Result "1-0"]
[WhiteElo "1982"]
[BlackElo "1994"]
[PlyCount "127"]
[EventDate "2014.08.02"]
[EventType "team-swiss"]
[EventRounds "11"]
[EventCountry "NOR"]
[SourceTitle "CBM 162"]
[Source "ChessBase"]
[SourceDate "2014.09.17"]
[SourceVersion "1"]
[SourceVersionDate "2014.09.17"]
[SourceQuality "1"]
[WhiteTeam "Iceland (W)"]
[BlackTeam "IBCA (W)"]
[WhiteTeamCountry "ISL"]

1. d4 d5 2. c4 e6 3. Nf3 c6 4. e3 Nf6 5. b3 Bd6 6. Bb2 0-0 7. Bd3 Nbd7 8. Nbd2 Qc7 9. Rc1 b6 10. 0-0 Bb7 11. Qe2 e5 12. cxd5 Nxd5 13. Nc4 exd4 14. Nxd6 Qxd6 15. Nxd4 N7f6 16. Rfd1 c5 17. Nf5 Qe6 18. Qf3 Rfd8 19. Qg3 g6 20. Qg5 Ne8 21. e4 Ndf6 22. Bc4 Qxe4 23. Nh6+ Kf8 24. Re1 Qc6 25. Nxf7 Rd4 26. Bxd4 cxd4 27. Re6 Qxg2+ 28. Qxg2 Bxg2 29. Kxg2 Kxf7 30. Rxb6+ Kg7 31. Rb7+ Kh6 32. Rd1 Nd6 33. Rc7 Nf5 34. Be6 Nh4+ 35. Kh3 Nf3 36. Kg3 Ng5 37. Bc4 Nfe4+ 38. Kg2 Rf8 39. Rf1 Nd2 40. Re1 Nde4 41. Re2 Nc3 42. Rc2 Nf3 43. Rc1 Nh4+ 44. Kh3 g5 45. Rf7 Rd8 46. f4 Ne4 47. fxg5+ Nxg5+ 48. Kxh4 Nxf7 49. Bxf7 d3 50. Rd1 Rd4+ 51. Kg3 Kg5 52. Bc4 d2 53. Kf3 a5 54. Ke3 Rh4 55. Rxd2 a4 56. Kd3 axb3 57. axb3 Kf5 58. Kc3 Ke5 59. b4 Rh3+ 60. Kb2 Rh4 61. Kb3 h5 62. b5 Kf6 63. b6 Rg4 64. b7 1-0

[Event "Olympiad Women-41"]
[Site "Tromsoe"]
[Date "2014.08.04"]
[Round "3.2"]
[White "Stolarczyk, Anna"]
[Black "Rovira Contreras, Tairu Manuela"]
[Result "1-0"]
[WhiteElo "1994"]
[BlackElo "2076"]
[PlyCount "93"]
[EventDate "2014.08.02"]
[EventType "team-swiss"]
[EventRounds "11"]
[EventCountry "NOR"]
[SourceTitle "CBM 162"]
[Source "ChessBase"]
[SourceDate "2014.09.17"]
[SourceVersion "1"]
[SourceVersionDate "2014.09.17"]
[SourceQuality "1"]
[WhiteTeam "IBCA (W)"]
[BlackTeam "Venezuela (W)"]
[BlackTeamCountry "VEN"]

1. d4 Nf6 2. c4 e6 3. Nf3 Bb4+ 4. Bd2 Qe7 5. g3 Bxd2+ 6. Qxd2 d6 7. Nc3 0-0 8. Bg2 Nbd7 9. 0-0 Re8 10. Rfe1 e5 11. e3 Nf8 12. b4 c6 13. d5 cxd5 14. cxd5 Bf5 15. e4 Bg4 16. Nh4 Rec8 17. f3 Bd7 18. Rac1 Qd8 19. a3 Qb6+ 20. Qf2 Qa6 21. Qb2 Qd3 22. Bf1 Qd4+ 23. Kh1 Ne8 24. Red1 Qb6 25. Bd3 Rc7 26. Ng2 Rac8 27. Ne2 Qf2 28. Rxc7 Rxc7 29. Ne1 Ba4 30. Rb1 Bd7 31. Ng1 Qe3 32. Qe2 Qh6 33. Ng2 Rc3 34. Ra1 Rc1 35. Ra2 Ba4 36. Ne3 Nf6 37. Nf5 Qg5 38. h4 Qh5 39. g4 Bd1 40. gxh5 Bxe2 41. Bxe2 Nxh5 42. Kg2 Ng6 43. Nh3 Kf8 44. Nxd6 Nxh4+ 45. Kf2 Rh1 46. Ng5 Nf4 47. Rc2 1-0

[Event "Olympiad Women-41"]
[Site "Tromsoe"]
[Date "2014.08.03"]
[Round "2.2"]
[White "Stolarczyk, Anna"]
[Black "Gao, Yi Ping"]
[Result "0-1"]
[WhiteElo "1994"]
[BlackElo "1723"]
[PlyCount "110"]
[EventDate "2014.08.02"]
[EventType "team-swiss"]
[EventRounds "11"]
[EventCountry "NOR"]
[SourceTitle "CBM 162"]
[Source "ChessBase"]
[SourceDate "2014.09.17"]
[SourceVersion "1"]
[SourceVersionDate "2014.09.17"]
[SourceQuality "1"]
[WhiteTeam "IBCA (W)"]
[BlackTeam "Taiwan (W)"]
[BlackTeamCountry "TPE"]

1. d4 d6 2. c4 Nf6 3. Nc3 g6 4. e4 Bg7 5. Nf3 0-0 6. h3 c5 7. d5 e6 8. Bf4 exd5 9. cxd5 Re8 10. Bd3 c4 11. Bc2 Na6 12. 0-0 Nc5 13. Nd2 a6 14. a4 Nh5 15. Bh2 Qg5 16. f4 Bd4+ 17. Kh1 Ng3+ 18. Bxg3 Qxg3 19. Qf3 Qxf3 20. Rxf3 Nb3 21. Nxb3 cxb3 22. Bxb3 Bxc3 23. Rxc3 Rxe4 24. Rf1 Rb4 25. Kh2 Bf5 26. g3 Re8 27. Rf2 Kg7 28. Rd2 Re1 29. Bd1 Be4 30. g4 Rf1 31. Kg3 Bh1 32. f5 gxf5 33. b3 f4+ 34. Kh4 Be4 35. Rc7 f3 36. Rd7 f2 37. Rxd6 Bg2 38. Be2 Rh1 39. Kg3 f1Q 40. Bxf1 Bxf1 41. h4 Rh3+ 42. Kf2 Rh2+ 43. Ke1 Rxd2 44. Kxd2 Rxb3 45. h5 h6 46. g5 hxg5 47. h6+ Kh7 48. Rf6 Bc4 49. d6 Rd3+ 50. Kc2 b5 51. axb5 axb5 52. Kb2 b4 53. Kc2 b3+ 54. Kb2 g4 55. Rf4 Be6 0-1

[Event "IBCA Wch blind (Women)"]
[Site "Belgrade"]
[Date "2013.08.29"]
[Round "7"]
[White "Zarubinskaya, Irina"]
[Black "Stolarczyk, Anna"]
[Result "0-1"]
[WhiteElo "1818"]
[BlackElo "2002"]
[PlyCount "68"]
[EventDate "2013.08.22"]
[EventType "swiss"]
[EventRounds "9"]
[EventCountry "SRB"]
[SourceTitle "EXT 2015"]
[Source "ChessBase"]
[SourceDate "2014.11.20"]
[SourceVersion "1"]
[SourceVersionDate "2014.11.20"]
[SourceQuality "1"]

1. d4 d5 2. e3 Nf6 3. Bd3 c5 4. c3 Nc6 5. h3 e5 6. Bb5 cxd4 7. exd4 e4 8. Bg5 Be7 9. Ne2 a6 10. Ba4 b5 11. Bc2 h6 12. Bh4 0-0 13. 0-0 Nh5 14. Bxe7 Qxe7 15. g4 Nf6 16. f3 Bd7 17. fxe4 Nxe4 18. Nd2 f5 19. Nxe4 dxe4 20. Nf4 Qd6 21. gxf5 Rxf5 22. Ng2 Re8 23. Rxf5 Bxf5 24. Qh5 Qd7 25. Rf1 Ne7 26. Nf4 Kh7 27. Qf7 Ng6 28. Qxd7 Bxd7 29. Nxg6 Kxg6 30. Rf4 Bf5 31. Kg2 Kf6 32. h4 g6 33. Kg3 e3 34. Rf1 e2 0-1

[Event "IBCA Wch blind (Women)"]
[Site "Belgrade"]
[Date "2013.08.24"]
[Round "3"]
[White "Spychala, Jozefa"]
[Black "Stolarczyk, Anna"]
[Result "0-1"]
[WhiteElo "1478"]
[BlackElo "2002"]
[PlyCount "52"]
[EventDate "2013.08.22"]
[EventType "swiss"]
[EventRounds "9"]
[EventCountry "SRB"]
[SourceTitle "EXT 2015"]
[Source "ChessBase"]
[SourceDate "2014.11.20"]
[SourceVersion "1"]
[SourceVersionDate "2014.11.20"]
[SourceQuality "1"]

1. d4 d5 2. Nf3 c6 3. c3 Nf6 4. Bf4 h6 5. e3 Bf5 6. Bd3 Bxd3 7. Qxd3 Nbd7 8. Nbd2 e6 9. Ne5 c5 10. Ndf3 Ne4 11. Nxd7 Qxd7 12. Ne5 Qa4 13. 0-0 c4 14. Qe2 g5 15. Qh5 0-0-0 16. Bg3 Rh7 17. Qe2 f6 18. Nf3 h5 19. h4 g4 20. Ne1 Nxg3 21. fxg3 f5 22. Nc2 Bd6 23. Kh2 Qd7 24. b3 Qe7 25. Kg1 Bxg3 26. bxc4 Qxh4 0-1

[Event "Olympiad Women-40"]
[Site "Istanbul"]
[Date "2012.09.07"]
[Round "10.2"]
[White "Milovic, Aleksandra"]
[Black "Stolarczyk, Anna"]
[Result "1-0"]
[WhiteElo "2181"]
[BlackElo "1994"]
[PlyCount "177"]
[EventDate "2012.08.28"]
[EventType "team-swiss"]
[EventRounds "11"]
[EventCountry "TUR"]
[SourceTitle "CBM 150 Extra"]
[Source "ChessBase"]
[SourceDate "2012.10.19"]
[SourceVersion "1"]
[SourceVersionDate "2012.10.19"]
[SourceQuality "1"]
[WhiteTeam "Montenegro (W)"]
[BlackTeam "IBCA (W)"]
[WhiteTeamCountry "MNE"]

1. e4 c5 2. Nf3 d6 3. d4 cxd4 4. Nxd4 Nf6 5. Nc3 a6 6. Be3 e5 7. Nb3 Be6 8. f3 Be7 9. Qd2 0-0 10. 0-0-0 a5 11. Bb5 Na6 12. Qe2 Nc7 13. Nc5 Qc8 14. Nxe6 fxe6 15. g4 Nxb5 16. Qxb5 Kh8 17. Rd3 Qc6 18. Bg5 h6 19. h4 Kg8 20. Qb3 Kf7 21. Bxf6 gxf6 22. a4 Rad8 23. h5 Rd7 24. Rhd1 Rfd8 25. Qb5 Qa6 26. b3 Rc7 27. Qxa6 bxa6 28. Ne2 Rdc8 29. c3 Rc6 30. Kc2 R8c7 31. c4 Rc8 32. Ng3 R8c7 33. Nf1 Rc8 34. Ne3 R8c7 35. Ng2 Rc8 36. Kb2 R8c7 37. Rh1 Bf8 38. Nh4 Rb7 39. Ka2 Be7 40. Ng6 Bd8 41. Rf1 Rbb6 42. f4 exf4 43. Rxf4 Kg7 44. Rf1 Rc5 45. e5 fxe5 46. Nf8 d5 47. Nd7 e4 48. Rh3 Rcc6 49. Nxb6 Rxb6 50. Rd1 Rd6 51. Re3 Bc7 52. Re2 Kf6 53. Kb2 Ke5 54. Rde1 Bb6 55. Kc2 Bc5 56. Rg2 d4 57. g5 d3+ 58. Kd1 e3 59. gxh6 e2+ 60. Rexe2+ dxe2+ 61. Kxe2 Rd8 62. h7 Rh8 63. Rg7 Kf4 64. Rc7 Bd4 65. c5 Kg5 66. Kd3 e5 67. c6 Bb2 68. Rd7 Kf4 69. c7 e4+ 70. Ke2 Rc8 71. h6 Kg5 72. Rd8 Rxc7 73. h8Q Bxh8 74. Rxh8 Kg6 75. Ra8 Rc6 76. Ke3 Re6 77. Rd8 Kxh6 78. Rd5 Kg6 79. Rxa5 Kf7 80. Rf5+ Kg6 81. Rf4 Rb6 82. Kxe4 Rxb3 83. Kd5 a5 84. Kc5 Kg5 85. Rd4 Kf6 86. Rd6+ Ke5 87. Ra6 Rd3 88. Rxa5 Rd5+ 89. Kb6 1-0

[Event "Olympiad Women-40"]
[Site "Istanbul"]
[Date "2012.09.06"]
[Round "9.2"]
[White "Stolarczyk, Anna"]
[Black "Dengler, Dijana"]
[Result "1-0"]
[WhiteElo "1994"]
[BlackElo "2066"]
[PlyCount "99"]
[EventDate "2012.08.28"]
[EventType "team-swiss"]
[EventRounds "11"]
[EventCountry "TUR"]
[SourceTitle "CBM 150 Extra"]
[Source "ChessBase"]
[SourceDate "2012.10.19"]
[SourceVersion "1"]
[SourceVersionDate "2012.10.19"]
[SourceQuality "1"]
[WhiteTeam "IBCA (W)"]
[BlackTeam "Bosnia&Hercegovina (W)"]
[BlackTeamCountry "BIH"]

1. d4 d5 2. c4 c6 3. Nf3 Nf6 4. cxd5 cxd5 5. Nc3 Nc6 6. Bf4 a6 7. e3 e6 8. a3 Be7 9. Bd3 0-0 10. 0-0 h6 11. h3 b5 12. b4 Bb7 13. Rc1 Rc8 14. Bb1 Nb8 15. Ne5 Nbd7 16. Nd3 Re8 17. Nc5 Bxc5 18. dxc5 e5 19. Bg3 Bc6 20. Ba2 Nf8 21. Qb3 Qe7 22. Rcd1 Rcd8 23. Ne2 Qb7 24. f3 Ng6 25. Rd2 Rd7 26. Rfd1 Red8 27. Qb2 Re8 28. Bb1 Rde7 29. Nc3 d4 30. exd4 exd4 31. Rxd4 Nh5 32. Qf2 Nxg3 33. Qxg3 Ne5 34. Nd5 Bxd5 35. Rxd5 Nc4 36. Be4 Qc8 37. R1d3 Ne5 38. R3d4 Nc6 39. Rd1 Ne5 40. Rd6 Nc4 41. Rc6 Qa8 42. Rxh6 Rxe4 43. fxe4 Qxe4 44. Rh4 Qc2 45. Qd3 Qb2 46. Qh7+ Kf8 47. Rxc4 bxc4 48. Qh8+ Ke7 49. Re1+ Kf6 50. Qxe8 1-0

[Event "Olympiad Women-40"]
[Site "Istanbul"]
[Date "2012.09.05"]
[Round "8.2"]
[White "Stolarczyk, Anna"]
[Black "Gonzalez, Yaribeth"]
[Result "1-0"]
[WhiteElo "1994"]
[BlackElo "1796"]
[PlyCount "49"]
[EventDate "2012.08.28"]
[EventType "team-swiss"]
[EventRounds "11"]
[EventCountry "TUR"]
[SourceTitle "CBM 150 Extra"]
[Source "ChessBase"]
[SourceDate "2012.10.19"]
[SourceVersion "1"]
[SourceVersionDate "2012.10.19"]
[SourceQuality "1"]
[WhiteTeam "IBCA (W)"]
[BlackTeam "Panama (W)"]
[BlackTeamCountry "PAN"]

1. d4 d5 2. c4 dxc4 3. Nf3 c5 4. e3 cxd4 5. exd4 e6 6. Bxc4 Nf6 7. 0-0 Be7 8. Qe2 0-0 9. Nc3 a6 10. a4 Nc6 11. Rd1 Qc7 12. Bg5 Na5 13. Ba2 h6 14. Bh4 Re8 15. Ne5 b6 16. Rac1 Qb7 17. d5 exd5 18. Nxd5 Nxd5 19. Bxd5 Qa7 20. Ng6 Bf5 21. Nxe7+ Rxe7 22. Qxe7 Qxe7 23. Bxe7 Re8 24. Rc7 Bg6 25. b4 1-0